| Tag |
First Indicator |
Second Indicator |
Subfields |
| LEADER |
00000cam a2200000Ia 4500 |
| 001 |
in00002778021 |
| 005 |
20211120165935.0 |
| 006 |
m d |
| 007 |
cr ||||||||||| |
| 008 |
120830s2010 mdua obs f000 0 eng d |
| 035 |
|
|
|a (OCoLC)ocn808733323
|
| 040 |
|
|
|a GPO
|c GPO
|d MvI
|d UtOrBLW
|
| 043 |
|
|
|a n-us---
|
| 049 |
|
|
|a WWW
|
| 074 |
|
|
|a 0500-E-18 (online)
|
| 086 |
0 |
|
|a HE 20.6209/3-2:22
|
| 088 |
|
|
|a CS209790
|
| 088 |
|
|
|a T36090 (04/2010)
|
| 100 |
1 |
|
|a Hing, Esther.
|
| 245 |
1 |
0 |
|a Use of electronic medical records by ambulatory care providers :
|b United States, 2006 /
|c by Esther Hing, Margaret J. Hall, and Jill J. Ashman.
|
| 264 |
|
1 |
|a Hyattsville, MD :
|b U.S. Dept. of Health and Human Services, Centers for Disease Control and Prevention, National Center for Health Statistics,
|c [2010]
|
| 300 |
|
|
|a 1 online resource (24 pages) :
|b illustrations
|
| 336 |
|
|
|a text
|b txt
|2 rdacontent
|
| 337 |
|
|
|a computer
|b c
|2 rdamedia
|
| 338 |
|
|
|a online resource
|b cr
|2 rdacarrier
|
| 490 |
1 |
|
|a National health statistics reports ;
|v no. 22
|
| 490 |
1 |
|
|a DHHS publication ;
|v no. (PHS) 2010-1250
|
| 500 |
|
|
|a Title from title screen (viewed Aug. 30, 2012).
|
| 500 |
|
|
|a "April 30, 2010."
|
| 504 |
|
|
|a Includes bibliographical references (pages 8-9).
|
| 500 |
|
|
|a Electronic resource.
|
| 650 |
|
0 |
|a Medical records
|z United States
|x Data processing
|v Statistics.
|
| 650 |
|
0 |
|a Medical records
|x Access control
|z United States
|v Statistics.
|
| 650 |
|
0 |
|a Surgical clinics
|z United States
|v Statistics.
|
| 650 |
|
0 |
|a Ambulatory medical care
|z United States
|v Statistics.
|
| 700 |
1 |
|
|a Hall, Margaret Jean.
|
| 700 |
1 |
|
|a Ashman, Jill J.
|
| 710 |
2 |
|
|a National Center for Health Statistics (U.S.)
|
| 776 |
0 |
8 |
|i Print version:
|a Hing, Esther.
|t Use of electronic medical records by ambulatory care providers
|w (DLC) 2010532716
|w (OCoLC)635533086
|
| 830 |
|
0 |
|a National health statistics reports ;
|v no. 22.
|
| 830 |
|
0 |
|a DHHS publication ;
|v no. (PHS) 2010-1250.
|
| 856 |
4 |
0 |
|u https://purl.fdlp.gov/GPO/gpo27586
|t 0
|
| 999 |
|
|
|a MARS
|
| 999 |
f |
f |
|s b21bbbfa-519b-3d28-9cfd-b037bba81f22
|i 85741b0e-93d6-3dc9-bc75-03e7205c9869
|t 0
|
| 952 |
f |
f |
|a Texas A&M University
|b College Station
|c Electronic Resources
|d Available Online
|t 0
|e HE 20.6209/3-2:22
|h Superintendent of Documents classification
|
| 998 |
f |
f |
|a HE 20.6209/3-2:22
|t 0
|l Available Online
|